书目信息 |
| 题名: |
走进高中信息技术教学现场
|
|
| 作者: | 胡秀琴 主编 | |
| 分册: | ||
| 出版信息: | 北京 首都师范大学出版社 2011 |
|
| 页数: | 236页 | |
| 开本: | 23cm | |
| 丛书名: | 行知书系 | |
| 单 册: | ||
| 中图分类: | G633.672 | |
| 科图分类: | ||
| 主题词: | 信息技术--Xin Xi Ji Shu--课程--教案(教育)--高中 | |
| 电子资源: | ||
| ISBN: | 978-7-81119-192-9 | |
| 000 | 00936nam 2200265 45 | |
| 001 | 012001004126 | |
| 005 | 20130128091415.0 | |
| 010 | @a978-7-81119-192-9@dCNY31.50 | |
| 099 | @aCAL 012008057299 | |
| 100 | @a20080423d2008 em y0chiy50 ea | |
| 101 | 0 | @achi |
| 102 | @aCN@b110000 | |
| 105 | @ak z 000yy | |
| 106 | @ar | |
| 200 | 1 | @a走进高中信息技术教学现场@AZou Jin Gao Zhong Xin Xi Ji Shu Jiao Xue Xian Chang@f主编胡秀琴 |
| 210 | @a北京@c首都师范大学出版社@d2011 | |
| 215 | @a236页@d23cm | |
| 225 | 2 | @a行知书系@AXing Zhi Shu Xi@i普通高中新课程教学实施案例研修丛书 |
| 330 | @a本书包括:信息获取、信息加工与表达、信息资源管理、信息技术与社会等内容。 | |
| 410 | 0 | @12001@a行知书系@i普通高中新课程教学实施案例研修丛书 |
| 606 | 0 | @a信息技术@AXin Xi Ji Shu@x课程@x教案(教育)@x高中 |
| 690 | @aG633.672@v4 | |
| 701 | 0 | @a胡秀琴@AHu Xiu Qin@4主编 |
| 801 | 2 | @aCN@b江苏凤凰@c20191020 |
| 905 | @b1219472-5@dG633.672@e743@f4 | |
| 走进高中信息技术教学现场/主编胡秀琴.-北京:首都师范大学出版社,2011 |
| 236页;23cm.-(行知书系.普通高中新课程教学实施案例研修丛书) |
| ISBN 978-7-81119-192-9:CNY31.50 |
| 本书包括:信息获取、信息加工与表达、信息资源管理、信息技术与社会等内容。 |
| ● |
| 相关链接 |
|
|
|
|
正题名:走进高中信息技术教学现场
索取号:G633.672/743
 
预约/预借
| 序号 | 登录号 | 条形码 | 馆藏地/架位号 | 状态 | 备注 |
| 1 | 1219472 | 212194720 | 第一样本阅览室/ [索取号:G633.672/743] | 在馆 | |
| 2 | 1219473 | 212194739 | 教育系资料室/ [索取号:G633.672/743] | 在馆 | |
| 3 | 1219474 | 212194748 | 教育系资料室/ [索取号:G633.672/743] | 在馆 | |
| 4 | 1219475 | 212194757 | 第四借阅区/ [索取号:G633.672/743] | 在馆 |